[Event "Ruhrhalbinsel op 19th"]
[Site "Essen"]
[Date "2004.05.20"]
[Round "2"]
[White "Rieckhof, Juergen"]
[Black "Noelle, Volker"]
[Result "0-1"]
[WhiteElo "1486"]
[BlackElo "1750"]
[PlyCount "100"]
[EventDate "2004.05.??"]
[EventType "swiss"]
[EventRounds "7"]
[EventCountry "GER"]
[SourceTitle "CBM 100 Extra"]
[Source "ChessBase"]
[SourceDate "2004.07.06"]
[SourceVersion "2"]
[SourceVersionDate "2004.07.06"]
[SourceQuality "1"]

1. d4 Nf6 2. c4 c5 3. d5 e6 4. Nc3 exd5 5. Nxd5 Nxd5 6. Qxd5 d6 7. e4 Nc6 8. Nf3 Be6 9. Bg5 Be7 10. Bxe7 Qxe7 11. Qd2 0-0 12. Be2 h6 13. 0-0 Rad8 14. Rfe1 Qf6 15. a3 Rfe8 16. b4 Nd4 17. Qc3 Nxf3+ 18. Qxf3 Qe5 19. Qe3 f5 20. f3 Bf7 21. Bd3 b6 22. b5 Qf6 23. g3 fxe4 24. fxe4 Qe5 25. Qf2 Bg6 26. Qe3 Re6 27. a4 Rde8 28. a5 Bxe4 29. Bxe4 Qxe4 30. Qxe4 Rxe4 31. Rxe4 Rxe4 32. axb6 axb6 33. Ra6 Rxc4 34. Rxb6 Rb4 35. Kf2 d5 36. Ke3 Kf7 37. Rb7+ Kf6 38. b6 Rb3+ 39. Kf4 g5+ 40. Kg4 Kg6 41. Rb8 h5+ 42. Kh3 Rb2 43. Rg8+ Kf5 44. Rf8+ Ke4 45. Re8+ Kd4 46. Re6 c4 47. g4 Rb3+ 48. Kg2 hxg4 49. Rg6 c3 50. Rxg5 c2 0-1

[Event "Ruhrhalbinsel op 19th"]
[Site "Essen"]
[Date "2004.05.19"]
[Round "1"]
[White "Kolkin, Michail"]
[Black "Rieckhof, Juergen"]
[Result "1-0"]
[WhiteElo "2083"]
[BlackElo "1486"]
[PlyCount "59"]
[EventDate "2004.05.??"]
[EventType "swiss"]
[EventRounds "7"]
[EventCountry "GER"]
[SourceTitle "CBM 100 Extra"]
[Source "ChessBase"]
[SourceDate "2004.07.06"]
[SourceVersion "2"]
[SourceVersionDate "2004.07.06"]
[SourceQuality "1"]

1. e4 c5 2. Nc3 g6 3. d3 Bg7 4. Be3 d6 5. Qd2 Nc6 6. g3 f5 7. Bg2 Nf6 8. Bh6 0-0 9. Bxg7 Kxg7 10. Nge2 e5 11. f4 Nd4 12. 0-0 Rb8 13. Rae1 b5 14. Nd1 a5 15. Nxd4 exd4 16. c3 dxc3 17. bxc3 fxe4 18. dxe4 Qb6 19. Ne3 Bb7 20. e5 Bxg2 21. exf6+ Rxf6 22. Qxg2 c4 23. Kh1 Qb7 24. Qxb7+ Rxb7 25. a3 Kf7 26. Nc2 Re6 27. Kg2 d5 28. Kf3 Rbe7 29. Rxe6 Rxe6 30. Rb1 1-0